| 000 | 02201nam0a2200373 4500 | ||
|---|---|---|---|
| 001 | RU\NLR\bibl\1666326 | ||
| 005 | 20260407131315.0 | ||
| 010 |
_a978-5-98089-023-0 _9200 |
||
| 021 |
_aRU _b2010-54224 _93565 |
||
| 035 | _a(nilc)RSL-KNO-004708883 | ||
| 035 | _a(NLR Aleph) 001657599 | ||
| 090 |
_a961163 _c961163 |
||
| 100 | _a20100719d2010 |||y0rusy50 ca | ||
| 101 | 0 |
_arus _aeng |
|
| 102 | _aRU | ||
| 105 | _aa ||||||||| | ||
| 200 | 1 |
_aМеждународные экономические организации _eдля студентов специальности "Менеджмент организации" _e[учебное пособие на английском языке] _fФедеральное агентство по образованию, Гос. образовательное учреждение высш. проф. образования "Нижегородский гос. лингвистический ун-т им. Н. А. Добролюбова", Набережночелнинский фил. _g[сост.: Р. Ю. Мансурова и др.] |
|
| 210 |
_aНабережные Челны _cНФ ГОУ ВПО НГЛУ _d2010 |
||
| 215 |
_a168 с. _cил. _d20 |
||
| 320 | _aБиблиогр.: с. 167-168 | ||
| 606 | 1 |
_aМеждународные экономические организации _jУчебно-методические пособия для высших учебных заведений _91113892 _3RU\NLR\auth\66120681 |
|
| 606 | 1 |
_aАнглийский язык _xУчебные издания для экономистов _92396228 _3RU\NLR\auth\661428668 |
|
| 686 |
_aШ143.21-923.2 _2rubbk |
||
| 686 | _aУ580-65я73 | ||
| 686 | _aШ143.21-93рус329.3 | ||
| 702 | 1 |
_aМансурова _bР. Ю. _4220 |
|
| 712 | 0 | 2 |
_4570 _aНижегородский государственный лингвистический университет им. Н. А. Добролюбова _bНабережночелнинский филиал _3RU\NLR\AUTH\8810077349 _9656892 |
| 801 | 0 |
_aRU _bРГБ _c20100719 _grcr |
|
| 801 | 1 |
_aRU _bРГБ _c20100719 |
|
| 801 | 2 |
_aRU _bNLR _c20100823 _grcr |
|
| 942 | _cBOOK | ||
| 980 | _aNB | ||
| 980 | _aNBR | ||